Statistiques concernant Pays - Longez la côte

Cliquez ici pour prendre le quiz!

Statistiques générales

  • Ce quiz a été pris 347 fois
  • Le résultat moyen est 91 sur 109

Statistiques - réponses

ContinentPays% Correct
Chine
97%
| Asie | EuropeRussie
97%
| AfriqueEgypte
94%
Inde
94%
Corée du Nord
93%
Corée du Sud
93%
Afrique du Sud
92%
Maroc
92%
Pakistan
92%
Viêt-Nam
92%
Algérie
90%
Espagne
90%
Thaïlande
90%
Iran
89%
| AsieIsraël
89%
Somalie
89%
Tunisie
89%
Arabie Saoudite
88%
Cambodge
88%
Grèce
88%
Yémen
88%
France
87%
Guinée
87%
Sénégal
87%
Irak
86%
Oman
86%
Turquie
86%
Bangladesh
85%
Erythree
85%
Kenya
85%
Birmanie
84%
Italie
84%
Libye
84%
Qatar
84%
Emirats Arabes Unis
83%
Namibie
83%
Portugal
83%
Syrie
83%
Angola
82%
Côte d'Ivoire
82%
Djibouti
82%
Mozambique
82%
Cameroun
81%
Liban
81%
Malaisie
81%
Tanzanie
81%
Togo
81%
Croatie
80%
Guinée Equatoriale
80%
Allemagne
79%
Belgique
79%
Koweït
79%
Nigeria
79%
République Démocratique du Congo
79%
République du Congo
79%
Albanie
78%
Bénin
78%
Danemark
78%
Gabon
78%
Gambie
78%
Ghana
78%
Jordanie
78%
Mauritanie
78%
Norvège
78%
Pays-Bas
78%
Suède
78%
Guinée-Bissau
77%
Estonie
76%
Finlande
76%
Libéria
76%
Pologne
76%
Sierra Leone
76%
Soudan
76%
Singapour
75%
Bosnie-Herzégovine
73%
Lituanie
73%
Slovénie
73%
Ukraine
73%
Lettonie
72%
Monténégro
72%
Bulgarie
70%
Monaco
68%
Roumanie
68%
Géorgie
66%
Royaume-Uni
51%

Distribution des résultats

Percentile par nombre de réponses

% des personnes avec chaque résultat

Votre développement - résultats

Vous n’avez pas pris ce quiz